000 01512nam a2200325 a 4500
001 ebr10055161
003 CaPaEBR
006 m u
007 cr cn|||||||||
008 940922s1994 dcu sb f000 0 eng d
010 _z 94068990
020 _z0309051851
040 _aCaPaEBR
_cCaPaEBR
035 _a(OCoLC)42328949
050 1 4 _aHD2333
_b.R47 1994eb
245 0 0 _aResearch recommendations
_h[electronic resource] :
_bto facilitate distributed work /
_cTechnology and Telecommuting: Issues and Impacts Committee, Computer Science and Telecommunications Board, Commission of Physical Sciences, Mathematics, and Applications, National Research Council.
260 _aWashington, D. C. :
_bNational Academy Press,
_c1994.
300 _axii, 71 p.
500 _a"Support for this project was provided by the Department of Energy (Grant No. DE-FG02-93ER25161)"--t.p. verso.
500 _a"B-498"--t.p. verso.
500 _aRobert Kraut, chair--p. iii.
504 _aIncludes bibliographical references (p. 66-71).
533 _aElectronic reproduction.
_bPalo Alto, Calif. :
_cebrary,
_d2013.
_nAvailable via World Wide Web.
_nAccess may be limited to ebrary affiliated libraries.
650 0 _aTelecommuting.
650 0 _aTeams in the workplace.
655 7 _aElectronic books.
_2local
700 1 _aKraut, Robert E.
710 2 _aebrary, Inc.
856 4 0 _uhttp://site.ebrary.com/lib/rucke/Doc?id=10055161
_zAn electronic book accessible through the World Wide Web; click to view
999 _c166026
_d166026